[Event "DVM U20 2009"]
[Site "Chemnitz GER"]
[Date "2009.12.29"]
[Round "6"]
[White "Hummel, Nikolas"]
[Black "Weißbeck, Joachim Daniel"]
[Result "0-1"]
[Termination "normal"]
[Board "8.6"]
[WhiteElo "1426"]
[BlackElo "1755"]
[WhiteTeam "SV 1947 Walldorf"]
[BlackTeam "Heilbronner SV"]
[PlyCount "42"]
[BlackFideId "4639227"]
[EventCountry "GER"]
[EventRounds "7"]
[EventType "team-swiss"]
[EventDate "2009.12.26"]

1. e4 e5 2. Nf3 Nf6 3. Nc3 Bb4 4. d3 Nc6 5. a3 Be7 6. g3 O-O 7. Bg2 d5 8. exd5
Nxd5 9. Nxd5 Qxd5 10. O-O Bg4 11. Re1 Qd6 12. h3 Bh5 13. Be3 Rad8 14. Qd2 Bf6
15. g4 Bg6 16. Bg5 Rfe8 17. h4 e4 18. dxe4 Qxd2 19. Nxd2 Bxg5 20. hxg5 Rxd2 21.
f4 f6 0-1